|
|
|
|
| LEADER |
00805nab a2200229 i 4500 |
| 001 |
misc60990 |
| 005 |
20221004134928.0 |
| 008 |
220520s1930 hu o 0|| hun d |
| 040 |
|
|
|a SZTE Miscellanea Repozitórium
|b hun
|
| 041 |
|
|
|a hun
|
| 100 |
1 |
|
|a Laziczius Gyula
|
| 245 |
1 |
2 |
|a A phonologiáról
|h [elektronikus dokumentum] /
|c Laziczius Gyula
|
| 260 |
|
|
|a Magyar Nyelvtudományi Társaság
|b Budapest
|c 1930
|
| 300 |
|
|
|a 18-30
|c 23 cm
|
| 300 |
|
|
|a [13] p.
|c 23 cm
|
| 490 |
0 |
|
|a Magyar nyelv : a Magyar Nyelvtudományi Társaság folyóirata
|
| 561 |
|
|
|a Németh Gyula hagyaték
|
| 591 |
|
|
|a NOV 3107
|
| 650 |
|
4 |
|a Bölcsészettudományok
|
| 650 |
|
4 |
|a Nyelvek és irodalom
|
| 695 |
|
|
|a Magyar nyelv - fonológia
|
| 856 |
4 |
0 |
|u http://misc.bibl.u-szeged.hu/60990/1/3107_nov_l39.pdf
|z Dokumentum-elérés
|